| 000 | 00582nam a22001577a 4500 | ||
|---|---|---|---|
| 082 |
_a621.31 _bMUH |
||
| 100 |
_aMuhammad Abdullah Khan (362292) _9126321 |
||
| 245 | _aDe-carbonizing the transport sector on the university campus: A techno-economic-environment assessment and optimization of PV feed electric bicycles amid global fuel crisis / | ||
| 264 |
_aIslamabad : _bUSPCAS-E, NUST _cJune, 2024. |
||
| 300 |
_axv, 42 p. _e+CD |
||
| 520 | _aTH-577 | ||
| 650 | _aMS EEP Thesis | ||
| 650 |
_aMS Thesis _918721 |
||
| 700 |
_aDr. Syed Ali Abbas Kazmi _9117439 |
||
| 942 |
_2ddc _cTHE |
||
| 999 |
_c612020 _d612020 |
||